Social psychology in life

Guardado en:
Detalles Bibliográficos
Otros Autores: Evans, Richard I., Rozelle, Richard M.
Formato: Libro
Lenguaje:inglés
Publicado: Boston Allyn and Bacon 1973
Edición:2. ed.
Materias:
Etiquetas: Agregar Etiqueta
Sin Etiquetas, Sea el primero en etiquetar este registro!

MARC

LEADER 00000nam a2200000 4500
001 c124652
005 20221123135815.8
041 0 |a eng 
044 |a US 
245 1 0 |a Social psychology in life  |c edited by Richard I. Evans, Richard M. Rozelle 
250 |a 2. ed. 
264 1 |a Boston  |b Allyn and Bacon  |c 1973 
300 |a 514 s. 
610 2 0 |a psychológia 
610 2 0 |a psychológia sociálna 
610 2 0 |a výskum sociologický 
610 2 0 |a štúdie prípadové 
610 2 0 |a drogy 
610 2 0 |a televízia 
610 2 0 |a komunikácia 
610 2 0 |a skupiny sociálne 
610 2 0 |a stravovanie spoločné 
610 2 0 |a správanie sociálne 
700 1 |a Evans, Richard I. 
700 1 |a Rozelle, Richard M.